书目信息 |
| 题名: |
汽车租赁企业安全生产标准化评价实施细则
|
|
| 作者: | 本书编写组编 | |
| 分册: | 2018 | |
| 出版信息: | 北京 人民交通出版社股份有限公司 2019.04 |
|
| 页数: | 126页 | |
| 开本: | 19x26cm | |
| 丛书名: | 交通运输企业安全生产标准化评价实施细则 | |
| 单 册: | ||
| 中图分类: | F542.6-65 | |
| 科图分类: | ||
| 主题词: | 汽车--qi che--租赁业务--企业管理--安全生产--标准化管理--中国 | |
| 电子资源: | ||
| ISBN: | 978-7-114-14626-8 | |
| 000 | 01069nam 2200241 450 | |
| 001 | 202019132976 | |
| 005 | 20190921113344.0 | |
| 010 | @a978-7-114-14626-8@dCNY30.00 | |
| 100 | @a20190916d2019 em y0chiy50 ea | |
| 101 | 0 | @achi |
| 102 | @aCN@b110000 | |
| 105 | @ak z 000yy | |
| 106 | @ar | |
| 200 | 1 | @a汽车租赁企业安全生产标准化评价实施细则@Aqi che zu lin qi ye an quan sheng chan biao zhun hua ping jia shi shi xi ze@e试行@h2018@f本书编写组编 |
| 210 | @a北京@c人民交通出版社股份有限公司@d2019.04 | |
| 215 | @a126页@d19x26cm | |
| 225 | 2 | @a交通运输企业安全生产标准化评价实施细则@Ajiao tong yun shu qi ye an quan sheng chan biao zhun hua ping jia shi shi xi ze |
| 330 | @a本书介绍了汽车租赁企业安全生产标准化评价办法。分为汽车租赁企业安全生产标准化评价实施细则 (试行) 、汽车租赁企业安全生产标准化评价扣分表 (试行) 两章。 | |
| 410 | 0 | @12001 @a交通运输企业安全生产标准化评价实施细则 |
| 606 | 0 | @a汽车@Aqi che@x租赁业务@x企业管理@x安全生产@x标准化管理@y中国 |
| 690 | @aF542.6-65@v5 | |
| 801 | 0 | @aCN@c20190905 |
| 905 | @a河南城建学院图书馆@dF542.6-65@eQ128 | |
| 汽车租赁企业安全生产标准化评价实施细则:试行.2018/本书编写组编.-北京:人民交通出版社股份有限公司,2019.04 |
| 126页;19x26cm.-(交通运输企业安全生产标准化评价实施细则) |
| ISBN 978-7-114-14626-8:CNY30.00 |
| 本书介绍了汽车租赁企业安全生产标准化评价办法。分为汽车租赁企业安全生产标准化评价实施细则 (试行) 、汽车租赁企业安全生产标准化评价扣分表 (试行) 两章。 |
| ● |
| 相关链接 |
|
|
|
正题名:汽车租赁企业安全生产标准化评价实施细则
索取号:F542.6-65/Q128
 
预约/预借
| 序号 | 登录号 | 条形码 | 馆藏地/架位号 | 状态 | 备注 |
| 1 | 1439955 | 214399550 | 社科库409/409社科库 38排2列2层/ [索取号:F542.6-65/Q128] | 在馆 | |
| 2 | 1439956 | 214399569 | 社科库409/409社科库 38排2列2层/ [索取号:F542.6-65/Q128] | 在馆 |